000 00798cam a2200265 a 4500
001 000001602
003 DO-SdBNP
005 20250501133823.0
008 821029s1976 ve 001 0 spa d
040 _aDO-SdBNP
_cDLC
_dDLC
082 _a363.8
_bC314h
100 1 _aCarrera Damas, Felipe
_95251
245 1 3 _aEl hambre en el mundo :
_bdenuncia de un engaño /
_cFelipe Carrera D.
246 1 0 _aDenuncia de un engaño
260 _aCaracas, Venezuela :
_bMonte Ávila,
_c[1976].
300 _a148 p. ;
_c18 cm.
440 0 _aLetra viva
_95252
650 4 _aHambrunas
_95253
650 0 _aAbastecimiento de alimentos
_95254
650 0 _aControl de la natalidad
_926740
910 _aCatalogación por copia / LC
910 _aJornada de catalogación
910 _aWM
942 _2ddc
_cLBS1
999 _c1497
_d1497